[Event "Napoli Winter Cup 1st"]
[Site "Napoli"]
[Date "2017.02.02"]
[Round "3"]
[White "Guglielmi, Domenico Donato"]
[Black "Minopoli, Francesco"]
[Result "0-1"]
[WhiteElo "1506"]
[BlackElo "1618"]
[PlyCount "110"]
[EventDate "2017.01.19"]
[EventType "swiss"]
[EventRounds "5"]
[EventCountry "ITA"]
[SourceTitle "EXT 2018"]
[Source "ChessBase"]
[SourceDate "2017.10.13"]
[SourceVersion "1"]
[SourceVersionDate "2017.10.13"]
[SourceQuality "1"]

1. d4 Nf6 2. c4 g6 3. Nc3 Bg7 4. Nf3 0-0 5. e4 d6 6. Be2 e5 7. d5 Na6 8. Qc2 Nh5 9. 0-0 f5 10. Ng5 Nf6 11. f3 f4 12. a3 Nh5 13. b4 Qxg5 14. Kh1 Qh4 15. Kg1 Qg5 16. g4 Nf6 17. Rf2 Bd7 18. Bd1 Rac8 19. Rg2 Ne8 20. Qf2 b6 21. Nb5 Ra8 22. Nc3 Bf6 23. Ra2 Qh4 24. Qxh4 Bxh4 25. Bd2 Be7 26. Be1 c6 27. Ba4 Rc8 28. dxc6 Bxc6 29. b5 Nc5 30. bxc6 Nxa4 31. Nxa4 Rxc6 32. Rac2 Ng7 33. Nb2 Rfc8 34. a4 a6 35. Bb4 Ne6 36. Bc3 Nd4 37. Bxd4 exd4 38. Rcd2 Bf6 39. Rd3 b5 40. axb5 axb5 41. cxb5 Rc5 42. b6 Rb5 43. Rgd2 Rxb6 44. Nd1 Rbc6 45. Nf2 Rc2 46. Nh3 Rxd2 47. Rxd2 Rc3 48. Kf2 g5 49. Ke2 Re3+ 50. Kf2 d3 51. Ng1 Bc3 52. Ra2 d2 53. Rxd2 Bxd2 54. Ne2 Ra3 55. Nd4 Be3+ 0-1

[Event "Napoli Trofeo Caissa 2nd"]
[Site "Napoli"]
[Date "2016.11.03"]
[Round "1"]
[White "Minopoli, Francesco"]
[Black "Buiano, Fabio"]
[Result "0-1"]
[WhiteElo "1618"]
[BlackElo "2123"]
[PlyCount "82"]
[EventDate "2016.11.03"]
[EventType "swiss"]
[EventRounds "7"]
[EventCountry "ITA"]
[SourceTitle "EXT 2018"]
[Source "ChessBase"]
[SourceDate "2017.10.13"]
[SourceVersion "1"]
[SourceVersionDate "2017.10.13"]
[SourceQuality "1"]

1. Nf3 c5 2. g3 g6 3. Bg2 Bg7 4. 0-0 Nc6 5. d3 d6 6. Nbd2 e5 7. e4 Nge7 8. Re1 0-0 9. Nf1 h6 10. h4 Be6 11. N1h2 Qd7 12. Be3 f5 13. Qc1 Kh7 14. Bd2 Rad8 15. c4 Ng8 16. Rb1 Nf6 17. b4 cxb4 18. Bxb4 Nxb4 19. Rxb4 fxe4 20. dxe4 Qc7 21. Nd2 Rc8 22. Re3 Nd7 23. Rf3 Nc5 24. Rxf8 Rxf8 25. Bf1 Qf7 26. f3 h5 27. Qd1 Bh6 28. Nb3 Be3+ 29. Kg2 Nxe4 30. Qd3 Bc5 31. Nxc5 dxc5 32. Rb2 Nf6 33. Qe3 Qc7 34. Bd3 Qe7 35. Qg5 e4 36. Bxe4 b6 37. Bxg6+ Kh8 38. Qh6+ Kg8 39. Qg5 Qg7 40. Re2 Bxc4 41. Re7 Qxe7 0-1

[Event "Napoli Province-ch"]
[Site "Napoli"]
[Date "2016.03.17"]
[Round "3"]
[White "Tassaro, Renato"]
[Black "Minopoli, Francesco"]
[Result "0-1"]
[WhiteElo "1470"]
[BlackElo "1614"]
[PlyCount "64"]
[EventDate "2016.02.25"]
[EventType "swiss"]
[EventRounds "7"]
[EventCountry "ITA"]
[SourceTitle "EXT 2018"]
[Source "ChessBase"]
[SourceDate "2017.10.13"]
[SourceVersion "1"]
[SourceVersionDate "2017.10.13"]
[SourceQuality "1"]

1. d4 Nf6 2. c4 g6 3. Nc3 Bg7 4. e4 d6 5. Nf3 0-0 6. h3 e5 7. d5 Nh5 8. Qc2 a5 9. Be2 Na6 10. a3 f5 11. Bd2 Nf4 12. Bxf4 exf4 13. Nd2 Nc5 14. 0-0-0 Ra6 15. f3 Rb6 16. b3 Qf6 17. Nb5 c6 18. dxc6 bxc6 19. e5 Qxe5 20. Nb1 cxb5 21. Rd5 Qe3+ 22. Rd2 Nxb3+ 23. Kd1 Nxd2 24. Nxd2 b4 25. Bd3 bxa3 26. Re1 Qd4 27. Nb3 Qb2 28. Nxa5 Qxc2+ 29. Bxc2 a2 30. Nb3 Rxb3 31. Ke2 Re3+ 32. Kd2 Rxe1 0-1

[Event "Napoli Province-ch"]
[Site "Napoli"]
[Date "2016.02.25"]
[Round "1"]
[White "Minopoli, Francesco"]
[Black "Ficco, Corrado"]
[Result "0-1"]
[WhiteElo "1614"]
[BlackElo "2025"]
[PlyCount "82"]
[EventDate "2016.02.25"]
[EventType "swiss"]
[EventRounds "7"]
[EventCountry "ITA"]
[SourceTitle "EXT 2018"]
[Source "ChessBase"]
[SourceDate "2017.10.13"]
[SourceVersion "1"]
[SourceVersionDate "2017.10.13"]
[SourceQuality "1"]

1. c4 g6 2. g3 Bg7 3. Bg2 d6 4. Nc3 Nf6 5. Nf3 0-0 6. 0-0 e5 7. d3 Nc6 8. a3 h6 9. Rb1 Nh5 10. b4 f5 11. Qb3 Kh7 12. b5 Ne7 13. e3 f4 14. e4 g5 15. Qd1 g4 16. Ne1 f3 17. Bh1 Nf6 18. Be3 c5 19. h4 Be6 20. Nc2 Qd7 21. a4 Ng6 22. Bd2 Nh5 23. Ne3 Qd8 24. Ncd5 Rc8 25. b6 a6 26. a5 Nxh4 27. Nc7 Bd7 28. Ned5 Ng6 29. Nxa6 bxa6 30. Qb3 Bc6 31. Rfc1 Nf6 32. Rc2 Nxd5 33. cxd5 Bb7 34. Be3 h5 35. Kh2 Bh6 36. Bxh6 Kxh6 37. Rg1 Qg5 38. Qb1 Kh7 39. Qc1 Qf6 40. Qe3 Kg7 41. Rgc1 Rh8 0-1

[Event "Napoli Sociale-ch"]
[Site "Napoli"]
[Date "2015.11.12"]
[Round "2"]
[White "Minopoli, Francesco"]
[Black "Pellegrino, Carlo"]
[Result "1-0"]
[WhiteElo "1616"]
[BlackElo "1521"]
[PlyCount "65"]
[EventDate "2015.11.05"]
[EventType "swiss"]
[EventRounds "7"]
[EventCountry "ITA"]
[SourceTitle "EXT 2018"]
[Source "ChessBase"]
[SourceDate "2017.10.13"]
[SourceVersion "1"]
[SourceVersionDate "2017.10.13"]
[SourceQuality "1"]

1. c4 c5 2. g3 g6 3. Bg2 Bg7 4. Nf3 Nc6 5. 0-0 e6 6. Nc3 Nge7 7. e3 0-0 8. Qe2 Rb8 9. Rd1 a6 10. Rb1 Qc7 11. d4 cxd4 12. exd4 b6 13. d5 Nf5 14. dxc6 dxc6 15. Bf4 e5 16. Bxe5 Bxe5 17. Qxe5 Qa7 18. Ne4 b5 19. Nf6+ Kh8 20. Nd7+ f6 21. Qxb8 Qxb8 22. Nxb8 Be6 23. Nxc6 Bxc4 24. b3 Bg8 25. Rd8 Rf7 26. Re1 Kg7 27. Ree8 Nh6 28. Nfd4 Rb7 29. Ne7 Rxe7 30. Rxe7+ Nf7 31. Bd5 Kh6 32. Bxf7 Bxf7 33. Rxf7 1-0

[Event "Napoli Giglio Memorial"]
[Site "Napoli"]
[Date "2015.10.08"]
[Round "4"]
[White "Solombrino, Giovanni"]
[Black "Minopoli, Francesco"]
[Result "1-0"]
[WhiteElo "1819"]
[BlackElo "1616"]
[PlyCount "71"]
[EventDate "2015.09.10"]
[EventType "swiss"]
[EventRounds "4"]
[EventCountry "ITA"]
[SourceTitle "EXT 2024"]
[Source "ChessBase"]
[SourceDate "2023.10.10"]
[SourceVersion "1"]
[SourceVersionDate "2023.10.10"]
[SourceQuality "1"]

1. e4 g6 2. d4 Bg7 3. Nf3 d6 4. Be2 Nd7 5. 0-0 Ngf6 6. Nc3 0-0 7. h3 a6 8. e5 Ne8 9. Bc4 Nb6 10. Bb3 d5 11. a4 c6 12. a5 Nd7 13. Qe2 f5 14. exf6 Ndxf6 15. Re1 e6 16. Ng5 Nc7 17. Na4 Re8 18. Nb6 Rb8 19. c3 h6 20. Nf3 Nd7 21. Qd3 Qf6 22. Nxd7 Bxd7 23. Ne5 Rf8 24. Qg3 Be8 25. Ng4 Qd8 26. Bxh6 b5 27. Bf4 Rb7 28. Bc2 Bf7 29. Nh6+ Bxh6 30. Bxh6 Qe7 31. Bxg6 Bxg6 32. Qxg6+ Kh8 33. Bxf8 Qxf8 34. Re5 Qg7 35. Qh5+ Qh7 36. Qg4 1-0

[Event "Napoli Greco Memorial"]
[Site "Napoli"]
[Date "2015.05.14"]
[Round "5"]
[White "Baccelliere, Donato"]
[Black "Minopoli, Francesco"]
[Result "1/2-1/2"]
[WhiteElo "1467"]
[BlackElo "1655"]
[PlyCount "29"]
[EventDate "2015.04.09"]
[EventType "swiss"]
[EventRounds "6"]
[EventCountry "ITA"]
[SourceTitle "EXT 2017"]
[Source "ChessBase"]
[SourceDate "2016.10.25"]
[SourceVersion "1"]
[SourceVersionDate "2016.10.25"]
[SourceQuality "1"]

1. e4 c5 2. Nf3 g6 3. d4 cxd4 4. Nxd4 Bg7 5. c4 Nc6 6. Be3 Nf6 7. Nc3 d6 8. Be2 Qa5 9. Rc1 Nxe4 10. a3 Nxc3 11. Rxc3 0-0 12. 0-0 Nxd4 13. Bxd4 Bh6 14. b4 Qc7 15. Re1 1/2-1/2

[Event "Napoli Greco Memorial"]
[Site "Napoli"]
[Date "2015.04.09"]
[Round "1"]
[White "Buiano, Fabio"]
[Black "Minopoli, Francesco"]
[Result "1-0"]
[WhiteElo "2067"]
[BlackElo "1655"]
[PlyCount "57"]
[EventDate "2015.04.09"]
[EventType "swiss"]
[EventRounds "6"]
[EventCountry "ITA"]
[SourceTitle "EXT 2017"]
[Source "ChessBase"]
[SourceDate "2016.10.25"]
[SourceVersion "1"]
[SourceVersionDate "2016.10.25"]
[SourceQuality "1"]

1. e4 c5 2. Nc3 Nc6 3. f4 d6 4. Nf3 Nf6 5. Bb5 a6 6. Bxc6+ bxc6 7. d3 Rb8 8. b3 d5 9. 0-0 e6 10. Qe2 Be7 11. h3 Qc7 12. g4 Nd7 13. Bd2 Nf6 14. Rae1 d4 15. Nd1 Nd7 16. Nb2 Nf8 17. Ne5 Bh4 18. Nbc4 Bxe1 19. Qxe1 Bd7 20. Ba5 Qa7 21. Nd6+ Ke7 22. Ndxf7 Ng6 23. Nxh8 Rxh8 24. Nc4 Qb8 25. Bb6 h5 26. Bxc5+ Kd8 27. f5 exf5 28. exf5 Re8 29. Qa5+ 1-0